00876 2200313 4500001002100000005001500021035002000036007000300056008004100059020002200100082000800122084001400130100001900144245011400163260004500277300002100322650001400343700001900357700002300376700002100399700002100420700002100441700002200462856001400484990001600498990001600514990001600530990001600546INLIS00000000000132920240513113315 a0010-0121000408ta240513 0 ind  a978-981-4281-54-6 a657 a657 REE p0 aReeve M. James1 aPengantar Akuntansi Adaptasi Indonesia Buku 2 :bPrinciple Accounting-Indonesia Adapatation /cReeve M. James aJakarta :bPenerbit salemba empat,c2010 a426 hlm ;c26 cm 4aakuntansi0 aWarren S. Carl0 aDuchac E. Jonathan0 aErsa Tri Wahyuni0 aGatot Supriyanto0 aAmir Abadi Yusuf0 aChaerul D.Djakman aKelas 657 a00000001875 a00000009899 a00000009901 a00000009963